| 000 | 01114nam a22003377a 4500 | ||
|---|---|---|---|
| 003 | CHAP | ||
| 005 | 20220329143718.0 | ||
| 008 | 110328s1976 mx r 00010 spa d | ||
| 010 | _a100763 | ||
| 011 | _a101735 | ||
| 035 | _a112423 | ||
| 040 | _cCHAP | ||
| 082 | 0 | 4 |
_a574.5222 _bC33 1976 |
| 100 | 1 |
_aCesarman, Fernando _921649 |
|
| 245 | 1 | 0 |
_aEcocidio : _bestudio psicoanalítico de la destrucción del medio ambiente _c/por Fernando Cesarman |
| 250 | _a2 ed. | ||
| 260 |
_aMéxico, D.F. : _bJoaquín Mortiz, _c1976 |
||
| 300 | _a90 p. | ||
| 490 | _aCuadernos Joaquín Mortíz | ||
| 590 |
_aBATCH-UPD _b10 _c20130110 _lUCH01 _h1609 |
||
| 590 |
_aBATCH-UPD _b10 _c20130410 _lUCH01 _h1005 |
||
| 590 |
_aBATCH-UPD _b10 _c20130914 _lUCH01 _h0917 |
||
| 590 |
_aCONVERSION _b10 _c20130109 _lUCH01 _h1356 |
||
| 650 | 1 | 4 |
_aEducación ambiental. _935556 |
| 650 | 1 | 4 |
_aImpacto ambiental. _957465 |
| 650 | 1 | 4 |
_aMedio ambiente _xContaminación. _974069 |
| 830 | 0 |
_aCuadernos Joaquín Mortíz _929866 |
|
| 901 | _aBK | ||
| 942 | _cLIBRO | ||
| 949 |
_a574.5222 C33 _bBC _cLIBRO _d33724002236975 _eLIBRO _f1976 _h114483 _i112423 _si |
||
| 999 |
_c100763 _d100763 |
||